Vývoj zaměstnanosti a mezd v ČSFR v roce 1991.

Pokles zamestnanosti v r. 1991. Prenesenie pracovnej aktivity do súkromného sektora. Najväčší pokles zamestnanosti v priemysle. Rast zamestnanosti zaznamenaný len v niektorých odvetviach terciárnej sféry. Zvýšenie objemu vyplácaných miezd. Priemerná mesačná hrubá nominálna mzda v čs. hospodárstve vz...

Full description

Saved in:
Bibliographic Details
Main Author: Dittrich, Pavel
Format: Book Chapter
Language:Czech
Subjects:
Tags: Add Tag
No Tags, Be the first to tag this record!

MARC

LEADER 00000naa a2200000 4500
001 r008331
005 20220831090841.8
041 0 |a cze 
044 |a [CS] 
245 1 0 |a Vývoj zaměstnanosti a mezd v ČSFR v roce 1991.  |c Pavel Dittrich 
520 |a Pokles zamestnanosti v r. 1991. Prenesenie pracovnej aktivity do súkromného sektora. Najväčší pokles zamestnanosti v priemysle. Rast zamestnanosti zaznamenaný len v niektorých odvetviach terciárnej sféry. Zvýšenie objemu vyplácaných miezd. Priemerná mesačná hrubá nominálna mzda v čs. hospodárstve vzrástla. Pokles reálnej mzdy. Odvetvie s nadpriemernou úrovňou zárobkov. 
610 2 0 |a porovnanie štatistické 
610 2 0 |a zamestnanosť 
610 2 0 |a mzdy 
610 2 0 |a ČSFR 
610 2 0 |a 1990 
610 2 0 |a 1991 
610 2 0 |a sektor súkromný 
610 2 0 |a priemysel 
610 2 0 |a sféra terciárna 
610 2 0 |a mzdy nominálne 
610 2 0 |a mzdy reálne 
100 1 |a Dittrich, Pavel